Towards a New Industrial Policy in Nigeria
Na minha lista:
| Autor principal: | |
|---|---|
| Formato: | Livro |
| Idioma: | inglês |
| Publicado em: |
Budapest
Institute for World Economics of the Hungarian Academy of Sciences
1990
|
| Edição: | 1. ed. |
| Tags: |
Sem tags, seja o primeiro a adicionar uma tag!
|
MARC
| LEADER | 00000nam a2200000 4500 | ||
|---|---|---|---|
| 001 | c021981 | ||
| 005 | 20221215114545.4 | ||
| 041 | 0 | |a eng | |
| 044 | |a HU | ||
| 245 | 1 | 0 | |a Towards a New Industrial Policy in Nigeria |c R. Omotayo Olaniyan |
| 250 | |a 1. ed. | ||
| 264 | 1 | |a Budapest |b Institute for World Economics of the Hungarian Academy of Sciences |c 1990 | |
| 300 | |a 48 s. | ||
| 100 | 1 | |a Olaniyan, R. Omotayo | |